| 000 | 00396nam a2200145Ia 4500 | ||
|---|---|---|---|
| 008 | 180901s9999 xx 000 0 und d | ||
| 020 | _a9781259073908 | ||
| 100 | _aDugopolski,Mark. | ||
| 245 |
_cMark Dugopolski.-- _aAlgebra : _bfor college students / |
||
| 250 | _a6th ed | ||
| 260 |
_aUSA : _bMcGraw Hill _c2012 |
||
| 300 | _axxx, 890 pages. | ||
| 500 | _aIncludes index. | ||
| 650 | _aAlgebra. | ||
| 999 |
_c358466 _d358466 |
||